Élément du tableau périodique Mort Subite - Statistiques

Statistiques générales
  • Ce quiz a été pris 481 fois
  • Le résultat moyen est 18 sur 25
Answers on the Grid
Answers color-coded by a green-red scale on the quiz's grid according to % correct below.
Bore
Quartzium
Latium
Brome
Zénithium
Carbonara
Magnésium
Mayonnaise
Riom
Lithium
Manganèse
Xiom
Carbone
Oxygène
Tungstène
Erbium
Radome
Hydrogène
Rutherfordium
Terrarium
Laborium
Venus
Petacium
Aquarium
Uranium
Jade
Radium
Plutonium
Sodium
Zébron
Calcium
Potassium
Zinc
Argent
Scandalium
Sternum
Plomb
Or
Hélium
Manubrium
Aluminium
Azote
Ozone
Platine
 
Statistiques - réponses
Réponse % Correct
Bore
84%
Magnésium
84%
Oxygène
84%
Carbone
83%
Lithium
82%
Or
81%
Uranium
81%
Zinc
81%
Argent
79%
Hydrogène
79%
Azote
78%
Sodium
78%
Aluminium
76%
Plomb
76%
Hélium
74%
Calcium
73%
Brome
70%
Plutonium
70%
Potassium
70%
Radium
70%
Manganèse
69%
Tungstène
62%
Platine
57%
Rutherfordium
38%
Erbium
36%
Aucun quiz correspondant
Distribution des résultats
% des personnes avec chaque résultat
Percentile par nombre de réponses
Votre historique - résultats
Vous n’avez pas pris ce quiz